Normal view
MARC view
Entry Personal Name
001 - CONTROL NUMBER
- control field: 1132995
003 - CONTROL NUMBER IDENTIFIER
- control field:
005 - DATE AND TIME OF LATEST TRANSACTION
- control field: 20210628162643.0
008 - FIXED-LENGTH DATA ELEMENTS
- fixed length control field: 210628|| aca||aabn | a|a d
040 ## - CATALOGING SOURCE
- Original cataloging agency:
- Transcribing agency:
100 ## - HEADING--PERSONAL NAME
- Personal name: Preisendanz, Karin
670 ## - SOURCE DATA FOUND
- Source citation: Work cat.: ()1162686: World Sanskrit Conference (12th : 2003 : Helsinki, Finland) 1132991, From Vasubandhu to Caitanya :, 2010
